Jeff Daniels Filmography - Statistics

General Stats
  • This quiz has been taken 37 times
    4 since last reset
  • The average score is 9 of 127
Answer Stats
Type Year Name % Correct
Film 1994 Dumb and Dumber
100%
Film 2014 Dumb and Dumber To
100%
Film 1993 Gettysburg
67%
TV Show 1991, 1995, 2014 Saturday Night Live
67%
Film 1996 101 Dalmatians
33%
Film 1996 2 Days in the Valley
33%
Film 1990 Arachnophobia
33%
Film 1989 Checking Out
33%
Film 1996 Fly Away Home
33%
TV Show 1993 Frasier
33%
TV Mini-Series 2017 Godless
33%
Film 2003 Gods and Generals
33%
TV Show 2020 Impractical Jokers
33%
Film 1987 Radio Days
33%
Film 1994 Speed
33%
Film 2007 The Lookout
33%
Film 1985 The Purple Rose of Cairo
33%
Film 2005 The Squid and the Whale
33%
Film 1992 Timescape
33%
Film 1997 Trial and Error
33%
Documentary 2021 9/11: Inside the President's War Room
0%
Film 2020 Adam
0%
Web Mini-Series 2024 A Man in Full
0%
TV Show 1982 American Playhouse
0%
TV Show 2021-2024 American Rust
0%
TV Film 1983 An invasion of Privacy
0%
Film 2007 A Plumm Summer
0%
Commercial 2012-2013 Apple iPhone
0%
TV Mini-Series 1980 A Rumor of War
0%
Film 2009 Away We Go
0%
Short Documentary 2016 Ballad of the Dreadnought
0%
Film 2005 Because of Winn-Dixie
0%
Theater 2007, 2016 Blackbird
0%
Documentary TBA Blind Logic: The Ralph R. Teetor Story
0%
Film 2002 Blood Work
0%
TV Show 1980 Breaking Away
0%
Documentary 2023 Bye Bye Barry
0%
TV Film 1982 Catalina C-Lab
0%
Film 2000 Chasing Sleep
0%
TV Film 2000 Cheaters
0%
Film 2001 Escanaba in da Moonlight
0%
TV Show 2013 Family Guy
0%
Theater 1978, 1980-1982 Fifth of July
0%
Documentary Series 2023 Finding Your Roots with Henry Louis Gates, Jr.
0%
Short Film 2011 Forcin' the Blues
0%
Documentary 2016 Gerald R. Ford: A Test of Character
0%
Theater 2009-2010, 2011 God of Carnage
0%
Film 2005 Good Night, and Good Luck
0%
Film 2019 Guest Artist
0%
TV Show 1980 Hawaii Five-O
0%
Commercial 1981 Head & Shoulders
0%
Film 1986 Heartburn
0%
Documentary Mini-Series 2021 Hemingway
0%
Film 2010 Howl
0%
Film 2004 Imaginary Heroes
0%
Film 2006 Infamous
0%
Film 1999 It's the Rage
0%
Film 2003 I Witness
0%
Theater 1982 Johnny Got His Gun
0%
Theater 1985 Lemon Sky
0%
Film 2012 Looper
0%
Film 1991 Love Hurts
0%
Theater 1978 Lulu
0%
Film 2007 Mama's Boy
0%
Film 1985 Marie
0%
Commercial 2008 Michigan Economic Development Corporation
0%
Film 1999 My Favorite Martian
0%
Theater 1977 My Life
0%
TV Film 1989 No Place Like Home
0%
Documentary 2024 Norman's Rare Guitars Documentary
0%
Documentary 2025 Paddy Chayefsky: Collector of Words
0%
Film 2009 Paper Man
0%
Commercial 1982 Pepto-Bismol
0%
Film 1998 Pleasantville
0%
Film 2013 Quad
0%
Film 1981 Ragtime
0%
Film 1993 Rain Without Thunder
0%
Theater 1993 Redwood Curtain
0%
TV Film 1995 Redwood Curtain
0%
Film TBA Reykjavik
0%
Documentary 2017 Rolling Stone: Stories from the Edge
0%
Film 2006 RV
0%
Commercial 2012 'Shape of Your Ear' by Apple
0%
Web Series 2026 Shrinking
0%
Film 2008 Space Chimps
0%
Film 2009 State of Play
0%
Film 2015 Steve Jobs
0%
Documentary 2024 Super/Man: The Christopher Reeve Story
0%
Film 2002 Super Sucker
0%
Film 1988 Sweet Hearts Dance
0%
TV Film 2008 Sweet Nothing in My Ear
0%
TV Mini-Series 1988 Tanner '88
0%
TV Film 1992 Teamster Boss: The Jackie Presser Story
0%
Film 1983 Terms of Endearment
0%
Documentary Mini-Series 2023 The American Buffalo
0%
Documentary Mini-Series 2025 The American Revolution
0%
Film 2009 The Answer Man
0%
Music Video 1994 The Ballad of Peter Pumpkinhead
0%
Film 1991 The Butcher's Wife
0%
TV Film 1988 The Caine Mutiny Court-Martial
0%
Film 2018 The Catcher Was a Spy
0%
TV Mini-Series 2020 The Comey Rule
0%
TV Film 2000 The Crossing
0%
Film 2016 The Divergent Series: Allegiant
0%
TV Short 2018 The Emperor's Newest Clothes
0%
Theater 1976 The Farm
0%
Film 2004 The Five People You Meet in Heaven
0%
Theater 1984 The Golden Age
0%
TV Film 2004 The Goodbye Girl
0%
Film 2002 The Hours
0%
Film 1988 The House on Carroll Street
0%
TV Mini-Series 2018 The Looming Tower
0%
Film 2015 The Martian
0%
TV Show 2012-2014 The Newsroom
0%
Film 1992 There Goes the Neighborhood
0%
Documentary 2023 The Saint of Second Chances
0%
Theater 1979-1980 The Shortcharged Review
0%
Documentary 1991 The Story of America's Classic Ballparks
0%
Theater 1982 Three Sisters
0%
Theater 2018-2019, 2021-2022 To Kill a Mockingbird
0%
Film 2008 Traitor
0%
TV Show 1987 Trying Times
0%
Theater 2008 Turn of the Century
0%
Theater 1978 Two from the Late Show
0%
Documentary 2024 Village of Death: Oradour-sur-Glane 1944
0%
TV Mini-Series 2020 Washington
0%
Film 1990 Welcome Home, Roxy Carmichael
0%
No matching quizzes found
Score Distribution
Percent of People with Each Score
Percentile by Number Answered
Your Score History
You have not taken this quiz since the last reset